Normal view
MARC view
- التربية الخاصة-التعلم الخاص-صعوبات التعلم
Entry Topical Term
001 - CONTROL NUMBER
- control field: 44570
003 - CONTROL NUMBER IDENTIFIER
- control field: JO-AjAnu
005 - DATE AND TIME OF LATEST TRANSACTION
- control field: 20230606081359.0
008 - FIXED-LENGTH DATA ELEMENTS
- fixed length control field: 230606|| aca||aabn | a|a d
040 ## - CATALOGING SOURCE
- Original cataloging agency: JO-AjAnu
- Transcribing agency: JO-AjAnu
150 ## - HEADING--TOPICAL TERM
- Topical term or geographic name entry element: التربية الخاصة-التعلم الخاص-صعوبات التعلم
670 ## - SOURCE DATA FOUND
- Source citation: Work cat.: (JO-AjAnu)22822: اللالا، زياد كامل.....وآخرون/اللالا،صائب كامل محرر, author 44569, أساسيات التربية الخاصة